Windows 7 SP1 quicksteps / (Record no. 60796)

MARC details
000 -LEADER
fixed length control field 01882nam a22003017a 4500
005 - DATE AND TIME OF LATEST TRANSACTION
control field 20130924152129.0
010 ## - LCCN (DPL NO)
LC control number ENG-104708
020 ## - INTERNATIONAL STANDARD BOOK NUMBER
International Standard Book Number 9781259003936
Terms of availability 395.00
020 ## - INTERNATIONAL STANDARD BOOK NUMBER
International Standard Book Number 1259003930
Terms of availability 395.00 425.00( BPPD)
035 ## - SYSTEM CONTROL NUMBER
System control number EN-88241
035 ## - SYSTEM CONTROL NUMBER
System control number B-492056-057
037 ## - SOURCE OF ACQUISITION
Source of stock number/acquisition DBAD/PUB
037 ## - SOURCE OF ACQUISITION
Source of stock number/acquisition Virtuous Pub/Ven
082 00 - DEWEY DECIMAL CLASSIFICATION NUMBER
Classification number 005.446
Edition number 23
100 1# - MAIN ENTRY--PERSONAL NAME
Personal name Matthews, Marty
245 10 - TITLE STATEMENT
Title Windows 7 SP1 quicksteps /
Statement of responsibility, etc by Marty Matthews
260 ## - PUBLICATION, DISTRIBUTION, ETC. (IMPRINT)
Place of publication, distribution, etc New Delhi
Name of publisher, distributor, etc Tata McGraw-Hill
Date of publication, distribution, etc 2011
270 ## - ADDRESS
Address 7 West Patel Nagar
City New Delhi
Postal code 110001
300 ## - PHYSICAL DESCRIPTION
Extent xviii,269p. :
Other physical details ill.
Dimensions 21cm(pbk)
490 1# - SERIES STATEMENT
Series statement Quick steps
500 ## - GENERAL NOTE
General note Includes index.
520 ## - SUMMARY, ETC.
Summary, etc "This full-color, visual guide to Windows 7 is the fastest, easiest way to get up and running on the latest version of Windows.Windows 7 SP1 QuickSteps is filled with color screenshots and step-by-step instructions to help you get started on Windows 7 Service Pack 1. Learn how to customize the interface, manage files and programs, connect to the Internet, set up and use email, establish a network, control security, and enjoy movies and music. The book covers the essentials up to more advanced features of Windows 7. Windows 7 SP1 QuickSteps Covers all that's new in Windows 7 Service Pack 1 Includes details on Internet Explorer 9, Windows Live Mail 2011, and Windows Live Essentials Features full-color graphics along with step-by-step tutorials High production value, loads of information, and an low price make this book the best value on the market"--
650 #0 - SUBJECT ADDED ENTRY--TOPICAL TERM
Topical term or geographic name as entry element Operating systems (Computers)
830 #0 - SERIES ADDED ENTRY--UNIFORM TITLE
Uniform title QuickSteps.
9 (RLIN) 39084
942 ## - ADDED ENTRY ELEMENTS (KOHA)
Source of classification or shelving scheme Dewey Decimal Classification
Item type English Books
Classification part 005.446
Call number suffix MAT
Holdings
Withdrawn status Lost status Not for loan Collection code Home library Current library Date acquired Source of acquisition Cost, normal purchase price Full call number Barcode Copy number Cost, replacement price Koha item type
    Not For Loan Non-fiction D.B.Act.Division D.B.Act.Division 12/01/2012 DBAD/PUB 395.00 005.446 MAT EN-88241 1 395.00 English Books
      Non-fiction Sarojini Nagar Sarojini Nagar 24/09/2013 Virtuous Pub/IN 1304/17.01.13/130/18.12.12/23.01.13 425.00 005.446 MAT B-492056 1 425.00 English Books
      Non-fiction Vinoba Puri Vinoba Puri 24/09/2013 Virtuous Pub/IN 1304/17.01.13/130/18.12.12/23.01.13 425.00 005.446 MAT B-492057 1 425.00 English Books

© Delhi Public Library
Hit Counter
free hit counter